|
|
|
|
| LEADER |
00000ntm a22000007u 4500 |
| 001 |
zp35985 |
| 041 |
|
|
|a cze
|
| 100 |
1 |
|
|a Elisová, Lucie
|4 dis
|
| 245 |
1 |
0 |
|a Svazky obcí uzavírané za účelem výstavby místních kanalizací a společných ČOV a jejich hlavní úkoly
|
| 246 |
|
|
|a Associations of Municipalities Concluded for the Construction of the Sewerage System and Common Treatment Plants and Their Main Tasks
|
| 260 |
|
|
|c 2014
|
| 300 |
|
|
|a 53 s. (80 115 znaků)
|
| 500 |
|
|
|a Studijní obor: Ovládání rizik
|
| 500 |
|
|
|a Studijní obor: Technological Equipment
|
| 500 |
|
|
|a Ústav: Ústav krizového řízení
|
| 500 |
|
|
|a Univerzita Tomáše Bati ve Zlíně. Fakulta logistiky a krizového řízení
|
| 500 |
|
|
|a Tomas Bata University in Zlín. Faculty of Logistics and Crisis Management
|
| 506 |
|
|
|a Bez omezení
|
| 653 |
|
|
|a spolupráce obcí
|
| 653 |
|
|
|a legislativa
|
| 653 |
|
|
|a ČOV
|
| 653 |
|
|
|a kanalizace
|
| 653 |
|
|
|a nebezpečné a závadné látky
|
| 653 |
|
|
|a cooperation
|
| 653 |
|
|
|a legislation
|
| 653 |
|
|
|a water treatment plants
|
| 653 |
|
|
|a sewage
|
| 653 |
|
|
|a dangerous and defective substance
|
| 655 |
|
4 |
|a bakalářská práce
|
| 700 |
1 |
|
|a Maňásek, Jaromír
|4 ths
|
| 710 |
2 |
|
|a Univerzita Tomáše Bati ve Zlíně. Fakulta logistiky a krizového řízení
|4 dgg
|
| 710 |
2 |
|
|a Tomas Bata University in Zlín. Faculty of Logistics and Crisis Management
|4 dgg
|
| 856 |
4 |
0 |
|u http://hdl.handle.net/10563/29772
|y Plný text v Digitální knihovně UTB
|